| Tag |
First Indicator |
Second Indicator |
Subfields |
| LEADER |
00000cam a2200000 a 4500 |
| 001 |
in00002575270 |
| 005 |
20151201152258.0 |
| 008 |
100216s2010 enka b 001 0 eng |
| 015 |
|
|
|a GBB031266
|2 bnb
|
| 016 |
7 |
|
|a 015494924
|2 Uk
|
| 020 |
|
|
|a 9781844676187 (hbk.)
|
| 020 |
|
|
|a 1844676188 (hbk.)
|
| 020 |
|
|
|a 9781844676170 (pbk.)
|
| 020 |
|
|
|a 184467617X (pbk.)
|
| 035 |
|
|
|a (OCoLC)ocn464579492
|
| 035 |
|
|
|a (OCoLC)464579492
|
| 040 |
|
|
|a UKM
|c UKM
|d BTCTA
|d YDXCP
|d C#P
|d BWX
|d UtOrBLW
|
| 049 |
|
|
|a TXAM
|
| 050 |
|
4 |
|a HX73
|b .W75 2010
|
| 082 |
0 |
4 |
|a 335
|2 22
|
| 100 |
1 |
|
|a Wright, Erik Olin.
|
| 245 |
1 |
0 |
|a Envisioning real utopias /
|c Erik Olin Wright.
|
| 264 |
|
1 |
|a London ;
|a New York :
|b Verso,
|c 2010.
|
| 300 |
|
|
|a xviii, 394 pages :
|b illustrations ;
|c 24 cm.
|
| 336 |
|
|
|a text
|b txt
|2 rdacontent
|
| 337 |
|
|
|a unmediated
|b n
|2 rdamedia
|
| 338 |
|
|
|a volume
|b nc
|2 rdacarrier
|
| 504 |
|
|
|a Includes bibliographical references and index.
|
| 650 |
|
0 |
|a Socialism.
|
| 650 |
|
0 |
|a Social justice
|x Philosophy.
|
| 938 |
|
|
|a Baker and Taylor
|b BTCP
|n BK0008628888
|
| 938 |
|
|
|a Blackwell Book Service
|b BBUS
|n R3850800
|c $26.95
|
| 938 |
|
|
|a YBP Library Services
|b YANK
|n 3154643
|
| 945 |
|
|
|a PromptCat
|b 15366
|
| 946 |
|
|
|a stk
|
| 947 |
|
|
|a A14840179383
|
| 994 |
|
|
|a 92
|b TXA
|
| 948 |
|
|
|a Cataloged
|b h
|c 2010/7/1
|d c
|e ibarton
|
| 999 |
|
|
|a MARS
|
| 999 |
f |
f |
|s 9c33ad83-11bd-37dd-99c2-85a98f6fa945
|i 8f69ae33-ae72-3201-8c7f-0b1505aa4213
|t 0
|
| 952 |
f |
f |
|p normal
|a Texas A&M University
|b College Station
|c Sterling C. Evans Library
|d Evans: Library Stacks
|t 0
|e HX73 .W75 2010
|h Library of Congress classification
|i unmediated -- volume
|m A14840179383
|
| 998 |
f |
f |
|a HX73 .W75 2010
|t 0
|l Evans: Library Stacks
|